000 00304nam a2200133Ia 4500
100 _aKimball &Kimball
942 _cBK
654 _aManagement.
245 _aIndustrial organization.
260 _bVakils Feffer & Simons Private Ltd
_c2001
082 _a658.02467
300 _a531
546 _aENGLISH
999 _c17975
_d17975